Alchemist (Record no. 36675)

MARC details
000 -LEADER
fixed length control field 00378nam a2200169Ia 4500
008 - FIXED-LENGTH DATA ELEMENTS--GENERAL INFORMATION
fixed length control field 220531s9999 xx 000 0 und d
041 ## - LANGUAGE CODE
Language code of text/sound track or separate title eng
082 ## - DEWEY DECIMAL CLASSIFICATION NUMBER
Item number SHA
100 ## - MAIN ENTRY--PERSONAL NAME
Personal name Shakespear. Methuen.
9 (RLIN) 64707
245 ## - TITLE STATEMENT
Title Alchemist
260 ## - PUBLICATION, DISTRIBUTION, ETC. (IMPRINT)
Name of publisher, distributor, etc. Methuen
Date of publication, distribution, etc. 1979
300 ## - PHYSICAL DESCRIPTION
Extent 68
542 ## - INFORMATION RELATING TO COPYRIGHT STATUS
Copyright holder 30-01-2010
650 ## - SUBJECT ADDED ENTRY--TOPICAL TERM
Topical term or geographic name as entry element English
9 (RLIN) 64708
906 ## - LOCAL DATA ELEMENT F, LDF (RLIN)
d 2009-2010
Holdings
Withdrawn status Lost status Source of classification or shelving scheme Damaged status Not for loan Home library Current library Date acquired Total Checkouts Total Holds Full call number Barcode Date last seen Bill Date Koha item type Original Barcode
    Dewey Decimal Classification     Shri Siddhivinayak Mahila Mahavidyalaya Shri Siddhivinayak Mahila Mahavidyalaya 30/01/2010   1 /SHA/B/18043 SSMM-BK-18043 06/08/2022 06/08/2022 Books 010018043